Normal view MARC view

Entry Topical Term

Number of records used in: 0

001 - CONTROL NUMBER

  • control field: 1602995

003 - CONTROL NUMBER IDENTIFIER

  • control field: NLI

005 - DATE AND TIME OF LATEST TRANSACTION

  • control field: 20250324121916.0

008 - FIXED-LENGTH DATA ELEMENTS

  • fixed length control field: 250324|| aca||aabn | a|a d

040 ## - CATALOGING SOURCE

  • Original cataloging agency: NLI
  • Transcribing agency: NLI

150 ## - HEADING--TOPICAL TERM

  • Topical term or geographic name entry element: Mass media
  • General subdivision: Employees
  • General subdivision: Labor unions
  • Form subdivision: Case studies

670 ## - SOURCE DATA FOUND

  • Source citation: Work cat.: (NLI)1658680: Media industries in crisis :, 2024.
                                                                           
web counter

Copyright ©2020 The National Library of India, Govt. of India ↔ Hosted by NVLI, MOC ↔ Technology and Design by National Library of India, Ministry of Culture, Govt. of India